[Event "IECC TH-M email"]
[Site "IECC email"]
[Date "2002.04.03"]
[Round "?"]
[White "Cattermole, John"]
[Black "Newth, David"]
[Result "1/2-1/2"]
[WhiteElo "1693"]
[BlackElo "1321"]
[PlyCount "45"]
[EventDate "2002.??.??"]
[EventType "match (corr)"]
[EventRounds "2"]
[SourceTitle "Corr 2008"]
[Source "ChessBase"]
[SourceDate "2008.06.24"]
[SourceVersion "1"]
[SourceVersionDate "2008.06.24"]
[SourceQuality "1"]

1. e4 e5 2. Nf3 Nc6 3. Bc4 Bc5 4. c3 Nf6 5. d4 exd4 6. cxd4 Bb4+ 7. Kf1 d5 8. exd5 Nxd5 9. Qe2+ Be6 10. a3 Be7 11. Bxd5 Qxd5 12. Nc3 Qc4 13. Qxc4 Bxc4+ 14. Ke1 0-0-0 15. d5 Bxd5 16. Nxd5 Rxd5 17. Ke2 Bf6 18. Rd1 Re8+ 19. Be3 Rxd1 20. Rxd1 Bxb2 21. Kf1 Bxa3 22. Ng5 f6 23. Ra1 1/2-1/2

[Event "IECC TH-T email"]
[Site "IECC email"]
[Date "2001.08.23"]
[Round "?"]
[White "Cornacchini, Gabriele"]
[Black "Newth, David"]
[Result "1-0"]
[WhiteElo "1485"]
[BlackElo "1285"]
[PlyCount "105"]
[EventDate "2001.??.??"]
[EventType "match (corr)"]
[EventRounds "2"]
[SourceTitle "Corr 2008"]
[Source "ChessBase"]
[SourceDate "2008.06.24"]
[SourceVersion "1"]
[SourceVersionDate "2008.06.24"]
[SourceQuality "1"]

1. e4 e5 2. Nf3 Nc6 3. Bc4 Nf6 4. Ng5 Bc5 5. Nxf7 Bxf2+ 6. Kf1 Qe7 7. Nxh8 Bc5 8. d3 d6 9. Bf7+ Kd8 10. Bb3 Bg4 11. Nf7+ Kd7 12. Qd2 h6 13. Nc3 Na5 14. Nxe5+ Qxe5 15. Ba4+ Nc6 16. Qf4 Qxf4+ 17. Bxf4 Rf8 18. Ke1 Nh5 19. Bc1 Bf2+ 20. Kd2 Bc5 21. Nd1 a6 22. Bxc6+ Kxc6 23. c3 Bb6 24. a4 Nf4 25. Rf1 Rf6 26. g3 Nxd3 27. Rxf6 Nxc1 28. Rxc1 gxf6 29. Ne3 Bxe3+ 30. Kxe3 Kd7 31. h3 Bxh3 32. Rh1 Be6 33. Rxh6 Ke7 34. Rh7+ Bf7 35. Kf4 Ke6 36. b4 b6 37. b5 axb5 38. axb5 Be8 39. Rxc7 Bxb5 40. c4 Be8 41. Rb7 Bf7 42. Rxb6 Ke7 43. c5 dxc5 44. Kf5 Be8 45. Rxf6 c4 46. Ra6 Bb5 47. Ra5 Bd7+ 48. Ke5 Bg4 49. Rc5 Be2 50. Kd5 Kd8 51. e5 Ke7 52. Rc7+ Kf8 53. e6 1-0

[Event "IECC TH-T email"]
[Site "IECC email"]
[Date "2001.04.24"]
[Round "?"]
[White "Byrne, Brian"]
[Black "Newth, David"]
[Result "1-0"]
[WhiteElo "1497"]
[BlackElo "1187"]
[PlyCount "77"]
[EventDate "2001.??.??"]
[EventType "match (corr)"]
[EventRounds "2"]
[SourceTitle "Corr 2008"]
[Source "ChessBase"]
[SourceDate "2008.06.24"]
[SourceVersion "1"]
[SourceVersionDate "2008.06.24"]
[SourceQuality "1"]

1. e4 Nf6 2. e5 Nd5 3. c4 Nb6 4. c5 Nd5 5. Nc3 e6 6. d4 d6 7. cxd6 cxd6 8. exd6 Bxd6 9. Nf3 Nc6 10. Bc4 Bb4 11. Qc2 Nf6 12. 0-0 0-0 13. Rd1 Qc7 14. Ne4 Nxe4 15. Qxe4 Ne7 16. Bd3 f5 17. Qh4 Bd6 18. Bg5 Nd5 19. Rac1 Qa5 20. a3 Qa4 21. Ne5 a6 22. Nc4 Bc7 23. Ne3 Nxe3 24. fxe3 Bd7 25. Bc4 b5 26. Ba2 Rfc8 27. d5 Qe4 28. Qxe4 fxe4 29. dxe6 Be8 30. e7+ Kh8 31. Be6 Rcb8 32. Rxc7 h6 33. Bf4 Bh5 34. Rc8+ Rxc8 35. Bxc8 Kh7 36. Rd8 Rxc8 37. Rxc8 Bf7 38. e8Q Bxe8 39. Rxe8 1-0

[Event "IECC TH-T email"]
[Site "IECC email"]
[Date "2001.04.24"]
[Round "?"]
[White "Newth, David"]
[Black "Byrne, Brian"]
[Result "1/2-1/2"]
[WhiteElo "1248"]
[BlackElo "1520"]
[PlyCount "98"]
[EventDate "2001.??.??"]
[EventType "match (corr)"]
[EventRounds "2"]
[SourceTitle "Corr 2008"]
[Source "ChessBase"]
[SourceDate "2008.06.24"]
[SourceVersion "1"]
[SourceVersionDate "2008.06.24"]
[SourceQuality "1"]

1. e4 Nf6 2. e5 Nd5 3. c4 Nb6 4. c5 Nd5 5. Bc4 e6 6. Nc3 Nxc3 7. dxc3 Nc6 8. Nf3 Bxc5 9. 0-0 d6 10. b4 Bb6 11. Bb5 0-0 12. Bg5 Ne7 13. a4 a5 14. Qd2 h6 15. Bh4 axb4 16. cxb4 Bd7 17. exd6 cxd6 18. Qxd6 Bxb5 19. Qxd8 Rfxd8 20. axb5 g5 21. Rxa8 Rxa8 22. Bg3 Nd5 23. Bd6 Rc8 24. Ne5 Rc2 25. Nd3 f5 26. Be5 Rd2 27. Nb2 Nxb4 28. Nc4 Re2 29. Bd6 Nd5 30. Nxb6 Nxb6 31. h4 Rb2 32. hxg5 hxg5 33. Bc7 Rxb5 34. Bd8 g4 35. f3 gxf3 36. gxf3 Nd5 37. Rd1 Kf7 38. Kf2 Rb2+ 39. Ke1 b5 40. Rd2 Rxd2 41. Kxd2 Kg6 42. Kd3 e5 43. Bh4 Nf4+ 44. Kc3 Ne2+ 45. Kd3 Ng1 46. Ke3 b4 47. Be1 b3 48. Bc3 f4+ 49. Ke4 Kg5 1/2-1/2

[Event "IECC TH-T email"]
[Site "IECC email"]
[Date "2001.01.30"]
[Round "?"]
[White "Newth, David"]
[Black "Cherner, Lyle"]
[Result "1/2-1/2"]
[WhiteElo "1261"]
[BlackElo "1517"]
[PlyCount "102"]
[EventDate "2001.??.??"]
[EventType "match (corr)"]
[EventRounds "2"]
[SourceTitle "Corr 2008"]
[Source "ChessBase"]
[SourceDate "2008.06.24"]
[SourceVersion "1"]
[SourceVersionDate "2008.06.24"]
[SourceQuality "1"]

1. e4 e6 2. d4 d5 3. Nd2 dxe4 4. Nxe4 Nf6 5. Nxf6+ Qxf6 6. c3 Bd6 7. Nf3 h6 8. Bd3 Bf4 9. Bxf4 Qxf4 10. Qe2 0-0 11. Ne5 Nd7 12. g3 Qg5 13. f4 Qe7 14. 0-0 Nf6 15. g4 Nd5 16. Qf2 Re8 17. Rae1 c6 18. Kh1 Qc7 19. g5 h5 20. Qf3 g6 21. Qe4 Rd8 22. Nxg6 fxg6 23. Qxg6+ Qg7 24. Qxh5 Rf8 25. g6 Bd7 26. Qh7+ Qxh7 27. gxh7+ Kh8 28. Rf3 Rxf4 29. Rxf4 Nxf4 30. Bc2 Rf8 31. h4 Nd5 32. Kg2 Nf6 33. Rf1 c5 34. dxc5 Bc6+ 35. Kh3 e5 36. Bg6 Nxh7 37. Rxf8+ Nxf8 38. Bc2 Ne6 39. b4 Nf4+ 40. Kg4 Nd5 41. Bb3 Nxc3 42. Kg5 Kg7 43. h5 e4 44. Kf4 Kh6 45. Bf7 Nd5+ 46. Kxe4 Nxb4+ 47. Ke5 Nd3+ 48. Kd6 Nf4 49. Kc7 Nxh5 50. Kb8 a5 51. Be6 Nf4 1/2-1/2